Quizzes
Events
Quiz Creation
Community
Videos
Private Events
Remove Ads
Sign In
Join for FREE
Feedback
Dark Mode
Quiz Categories
Sports
Geography
Music
Movies
Television
Just For Fun
Miscellaneous
History
Literature
Language
Science
Gaming
Entertainment
Religion
Holiday
For Kids
Quiz Lab
Recent
Popular Today
Quiz Kudos Today
Editor Picks
Curator Picks
Quizzes by...
Day
Popularity
Type
Ratings
Length
Year
Community
Subscriptions
Recent Discussions
Orange Saloon
Badges
Playlists
Quests
Create
Leaderboards
Showdown
Live 5
Trivia Bingo
Activity
Puzzle Library
Sporcle Events
Private Events
Virtual Trivia
Globe League
Become a Host
Pub Owners
SporcleCon
Opinionation
Our Games
Videos
Blog
Mobile Apps
Partnerships
Remove Ads and Go Orange
Feedback
Music
Pop Music
The Beatles
Song
Album
Lyrics
Bands
Singers
Artist
Clip
Rock
Rap
Classical
Billboard
Country Music
Kpop
Taylor Swift
Music
Pop Music
The Beatles
Song
Album
Lyrics
Bands
Singers
Artist
Clip
Rock
Rap
Classical
Billboard
Country Music
Kpop
Taylor Swift
Random Quiz
Search Sporcle
×
Quiz Lab
Quiz Lab
Music
Musical
Type in answers that appear in a list
Type in answers that appear in a list
Classic
Best Score? Go Orange.
Take It From An Old Man Lyrics (Waitress) Stats
Can you name the lyrics to Take It From An Old Man?
By
showtunes
10m
172 Questions
157 Plays
157 Plays
157 Plays
Comments
Comments
Give Quiz Kudos
Give Quiz Kudos
-
- Ratings
hide this ad
Replay
Link that replays current quiz
Next Quiz
Link to next quiz in quiz playlist
You Got
0%
They Got
Avg Score
79%
Avg Friend Score
Upgrade to see
Score Distribution
Jump to the score distribution portion of the page
Score
0/172
Timer
10:00
0
Plays Today
% Correct
I
99.4%
I
99.4%
I
99.4%
I
99.4%
I
99.4%
I
99.4%
an
98.1%
an
98.1%
an
98.1%
an
98.1%
a
98.1%
a
98.1%
an
98.1%
Take
97.5%
Take
97.5%
Take
97.5%
Take
97.5%
Take
97.5%
it
96.8%
from
96.8%
it
96.8%
it
96.8%
from
96.8%
it
96.8%
from
96.8%
it
96.8%
from
96.8%
it
96.8%
it
96.8%
from
96.8%
old
96.2%
old
96.2%
old
96.2%
old
96.2%
old
96.2%
man,
95.5%
man,
95.5%
man.
95.5%
man,
95.5%
man.
95.5%
the
91.1%
the
91.1%
The
91.1%
the
91.1%
you.
89.8%
You
89.8%
you
89.8%
you
89.8%
you
89.8%
you.
89.8%
you
89.8%
you
89.8%
in
89.2%
And
89.2%
And
89.2%
in
89.2%
in
89.2%
And
89.2%
% Correct
in
89.2%
And
89.2%
and
89.2%
be
85.4%
time,
85.4%
on
84.1%
can.
82.8%
one
82.2%
believe
82.2%
believe
82.2%
something
82.2%
Something
82.2%
to
82.2%
to
82.2%
believe
82.2%
something
82.2%
Something
82.2%
one
82.2%
one
82.2%
one
82.2%
just
81.5%
But
81.5%
But
81.5%
But
81.5%
don't
80.3%
don't
80.3%
Time's
79.6%
there's
79.6%
there's
79.6%
no
78.3%
It's
78.3%
It's
78.3%
We
77.7%
hold
77.7%
hands,
77.7%
What
77.7%
through
77.7%
have
77.7%
what
77.7%
through.
77.7%
have
77.7%
your
77.7%
hold
77.7%
your
77.7%
hands
77.7%
slipping
76.4%
silver
76.4%
past.
75.8%
our
74.5%
when
74.5%
think
74.5%
am
73.9%
am,
73.9%
of
73.9%
of
73.9%
of
73.9%
My
73.2%
linings,
73.2%
% Correct
my
73.2%
cracks.
72.6%
me,
72.6%
can't,
72.6%
me
72.6%
good
72%
good
72%
if
72%
though
71.3%
sand
70.7%
ever
70.7%
is
70.7%
falls
70.1%
days
70.1%
too.
70.1%
break
69.4%
any
68.8%
should
68.8%
made
68.2%
made
68.2%
seeing
68.2%
ride.
68.2%
ride.
68.2%
out
68.2%
mistakes
67.5%
trying
67.5%
longer.
67.5%
hell
66.9%
hell
66.9%
wanna
66.2%
all
65%
sees
64.3%
might
63.7%
stretch
63.7%
at
63.1%
honey
63.1%
Honey,
63.1%
fight
61.8%
fight,
61.8%
or
61.8%
lose,
61.8%
yourself
61.1%
win
60.5%
strength
59.9%
least
59.2%
stronger,
58%
own,
57.3%
left
55.4%
skin,
55.4%
'Cause
55.4%
upon
53.5%
reckon
53.5%
They've
52.9%
tracks
52.9%
like
43.9%
Let
38.9%
Quiz Playlist
Details
Report
Send in Message
Add To Playlist
Classic:
Type in answers that appear in a list
Last Updated: Jun 12, 2017
Quiz Scoreboard
CHALLENGE
Sign Up to Join the Scoreboard
Show All
Scores
Hide
Comments
May contain spoilers
Recently Published
One Thing in Common: World Cities II
by knightlancer
Geography
7m
Popular People in 1961
by mucciniale
History
6m
1-10 Letter E Words III
by El_Dandy
Language
2m
More to Explore
Quiz From the Vault
Featured Blog Post
Where Did the Easter Bunny Come From?
hide this ad
You Might Also Like...
Tags
Broadway Quiz
Musical Quiz
Broadway Lyrics
Broadway Musicals
Broadway Shows
Contemporary Musicals
Musical Songs
Musical Theater
Original Broadway
Sara Bareilles
Waitress
Today's Top Quizzes in Music
Browse Music
hide this ad
Today's Top Quizzes in Musical
Browse Musical
Top Contributed Quizzes in Music
1
Taylor Swift All Songs (2024)
2
2010s Album by Cover III
3
One Thing in Common: Music
4
Taylor Swift Logic Puzzle
5
Guess the Artist- 70s Songs
6
2010s Album by Cover IV
7
Guess the Taylor Swift song (Mystery Song)
8
2010s Album by Cover V
9
Lana Del Rey Discography (BTD to DYKTTATUOB)
10
2010s Album by Cover VI
Explore More
Trending Topics
Disney
Kpop
NBA
Marvel
Crossword
Anime
Harry Potter
WWE
NFL
Puzzle
The Office
Country
Song
Pokémon
Soccer
hide this ad
More By:
showtunes
Quiz
Plays
Rating
Category
Featured
Created
She Used To Be Mine Lyrics (Waitress)
2,115
5.00
Music
Jun 11, 2017
When He Sees Me Lyrics Part 1 (Waitress)
1,558
5.00
Music
Jun 9, 2017
In a Crowd of Thousands Lyrics (Anastasia)
1,537
5.00
Music
Jul 2, 2017
What Baking Can Do Lyrics (Waitress)
1,320
5.00
Music
Jun 10, 2017
In My Dreams Lyrics (Anastasia)
1,285
5.00
Music
Jun 11, 2017
Go to Creator's Profile
Score Distribution
Quiz Creator Spotlight
showtunes
Follow
Send a Message
Quizzes Created
-
Created Quiz Play Count
-
More By This Creator
Popular Quizzes Today
1
Find the US States - No Outlines Minefield
2
Find the Countries of Europe - No Outlines Minefield
3
The Countries of the World
4
Popular People in 1961
5
1-10 Letter E Words III
6
Find the US States
7
One Thing in Common: World Cities II
8
US States
More Music Quizzes
Figure out the lyrics CCR 2
Quiz Lab
Trending Quizzes
Risky Map Clicking: Least Populous States A-Z
1-10 Letter F Words
1-10 Letter G Words
One Thing in Common: United Kingdom
Risky Map Clicking: Biggest States A-Z
Recently Updated
Leaping Animals
pecheneg
Reality TV Shows (A-Z)
bhenderson79
Rickey Henderson's Hall of Fame Teammates
pecheneg
Champions League XIs: Arsenal
pecheneg
Quick Pick: Celebrities in WWE's Hall of Fame
aduchscher
A-Z Keypad Blitz II
pecheneg
Multiple Oscar Actors
pecheneg
Mystery Phrase Blitz: Oscar 'Best Actors'
pecheneg
F. Scott Fitzgerald Novels
LTH
Pick 3 Villains
ddd62291
Trending Topics
Disney
Anime
Harry Potter
Marvel
NBA
Kpop
Crossword
WWE
Song
Puzzle
NFL
Pokémon
Country
Soccer
The Office
Your Account Isn't Verified!
In order to create a playlist on Sporcle, you need to verify the email address you used during registration. Go to your
Sporcle Settings
to finish the process.
Report this User
Report this user for behavior that violates our
Community Guidelines
.
Details:
Send Report
Go to the Sporcle.com Mobile Site →
Comments